000 00616cam a2200181 i 4500
005 20251124092402.0
008 250721s2014 jo gr 000 0 ara d
082 1 4 _a211.6
_bأ و س
100 1 _aالأوسي، عباس علي
_eمؤلف.
245 1 2 _aالإحالة في القرآن الكريم /
_cالدكتور عباس علي الأوسي.
250 _aالطبعة الأولى.
264 3 1 _aعمان :
_bدار الرضوان،
_c2014.
300 _a592 صفحة.
650 1 7 _aإعجاز القرآن.
650 1 7 _aالقرآن الكريم.
942 _2ddc
_cBK
999 _c132109
_d132109